000 00887nam a22003017a 4500
001 BR8104549
003 BR-BrBNA
005 20230928091021.0
007 ta
008 230509b bl.||||| |||| 00| 0 por d
040 _aBR-BrBNA
_bpor
_cBiblioteca Nacional de Agricultura
041 _a(Por)
072 _aF00; F30; F25
_b0180
_b0175
_b/G514
090 _ 0180 BR8104549
110 1 _aOrganizacao das Cooperativas do Estado do Parana, Cascavel (Brasil)
_97725
245 1 _aResultados de pesquisa com trigo e triticale nos anos de 1979 e 1980 [Parana, Brasil]
260 3 _aCascavel, PR (Brasil):
_c1981.
300 _a219 p.
650 _aTRIGO
650 _aTRITICALE
650 _aVARIEDADE
650 _aCOMPETICAO DE VARIEDADE
650 _aPRATICA CULTURAL
650 _aDEFESA VEGETAL
650 _aPARANA
909 _a202309
_bLucia
_c55
_dLucia Elande
942 _cBK
999 _c31770
_d31770